| 000 | 00000nam 2200000za 4500 |
| 001 | 9.569579 |
| 003 | CaOODSP |
| 005 | 20221107134010 |
| 007 | cr ||||||||||| |
| 008 | 150406s1991 oncd|||#o f00| 0 eng d |
| 040 | |aCaOODSP|beng |
| 043 | |an-cn--- |
| 086 | 1 |aNH18-1/33-1991E-PDF |
| 100 | 1 |aGarrahan, P. |
| 245 | 10|aMoisture in framing lumber |h[electronic resource] : |bfield measurement, acceptability and use surveys / |cby P. Garrahan, J. Meil and D.M. Onysko. |
| 260 | |aOttawa : |bProject Implementation Division, Canada Mortgage and Housing Corporation, |c1991. |
| 300 | |a2 v. : |bcharts |
| 490 | 1 |aResearch report |
| 500 | |aIssued also in French under title: Teneur en eau du bois de charpente. |
| 500 | |a"March 31, 1991." |
| 504 | |aIncludes bibliographical references. |
| 505 | 0 |av. 1. [Report] -- v. 2. [Appendices]. |
| 590 | |a11-23-Supp|b2011-10-17 |
| 692 | 07|2gccst|aLumber industry |
| 692 | 07|2gccst|aConstruction industry |
| 700 | 1 |aMeil, J. |
| 700 | 1 |aOnysko, D. M. |
| 710 | 2 |aCanada Mortgage and Housing Corporation.|bProject Implementation Division. |
| 710 | 2 |aForintek Canada Corp. |
| 710 | 2 |aCanada Mortgage and Housing Corporation. |
| 775 | 08|tTeneur en eau du bois de charpente |w(CaOODSP)9.846954 |
| 830 | #0|aResearch report (Canada Mortgage and Housing Corporation : Online)|w(CaOODSP)9.506068 |
| 856 | 40|qPDF|s5.76 MB|uhttps://publications.gc.ca/collections/collection_2011/schl-cmhc/nh18-1/NH18-1-33-1991-eng.pdf|zReport |
| 856 | 40|qPDF|s1.03 MB|uhttps://publications.gc.ca/collections/collection_2017/schl-cmhc/NH18-1-33-1991-1-eng.pdf|zAppendices |